<?xml version="1.0" encoding="UTF-8"?>
<marc:record xmlns:marc="http://www.loc.gov/MARC21/slim">
   <marc:leader>00000nam a2200000 a 4500</marc:leader>
   <marc:datafield ind1=" " ind2=" " tag="653">
      <marc:subfield code="a">Bären</marc:subfield>
   </marc:datafield>
   <marc:datafield ind1=" " ind2=" " tag="653">
      <marc:subfield code="a">Weihnachtsbaum</marc:subfield>
   </marc:datafield>
   <marc:datafield ind1="0" ind2="0" tag="245">
      <marc:subfield code="a">Ein Weihnachtsbaum für Tatzelbär</marc:subfield>
   </marc:datafield>
   <marc:datafield ind1=" " ind2="1" tag="264">
      <marc:subfield code="a">Frankfurt am Main</marc:subfield>
      <marc:subfield code="b">Moritz-Verl.</marc:subfield>
      <marc:subfield code="c">1998</marc:subfield>
   </marc:datafield>
   <marc:datafield ind1="1" ind2=" " tag="520">
      <marc:subfield code="a">Beim Schmücken des Weihnachtsbaums möchte  Tatzelbär nicht nur seinem Papa helfen,  sondern auch eigene Ideen verwirklichen...&#xD;
&#xD;
&#xD;
&#xD;
&#xD;
Beim Schmücken des Weihnachtsbaums möchte  Tatzelbär nicht nur seinem Papa assistieren,  sondern eigene Ideen verwirklichen. Als eine  Kugel zu Bruch geht, greift Papa ein und  Tatzelbär zieht beleidigt von dannen. Doch  Papa braucht ihn für eine ganz besondere  Aufgabe, die er nur mit seiner Hilfe  bewältigen kann. Auf großflächigen Bildern in  sanften Aquarellfarben vergegenwärtigt die  französische Illustratorin die in pointierter  Sprache erzählte Familienszene. Die Bären  geben in ausdrucksstarker Mimik und Gestik  menschliche Gefühle wieder. In markanter  Strichführung kommt die trotz körperlicher  Unterlegenheit selbstbewußte und eigenwillige  Haltung des Kindes zum Ausdruck. Nicht nur  zur Weihnachtszeit ein liebenswertes, breit  einsetzbares Bilderbuch.&#xD;
Quelle: EKZ  ( Systematik: 1 )</marc:subfield>
   </marc:datafield>
   <marc:datafield ind1=" " ind2=" " tag="020">
      <marc:subfield code="a">9783895650758</marc:subfield>
      <marc:subfield code="9">9783895650758</marc:subfield>
   </marc:datafield>
   <marc:datafield ind1=" " ind2=" " tag="020">
      <marc:subfield code="a">3895650757</marc:subfield>
      <marc:subfield code="9">3895650757</marc:subfield>
   </marc:datafield>
   <marc:datafield ind1=" " ind2=" " tag="041">
      <marc:subfield code="a">ger</marc:subfield>
   </marc:datafield>
   <marc:datafield ind1=" " ind2=" " tag="300">
      <marc:subfield code="b">überwiegend Ill.</marc:subfield>
   </marc:datafield>
   <marc:datafield ind1=" " ind2=" " tag="338">
      <marc:subfield code="a">Band</marc:subfield>
   </marc:datafield>
   <marc:datafield ind1=" " ind2=" " tag="300">
      <marc:subfield code="a">16 S.</marc:subfield>
   </marc:datafield>
</marc:record>
